00399nam a2200145Ia 450000500170000000800410001702000180005808200190007610000240009524500450011926000310016430000130019544000090020865000360021720241007095122.0240126s9999 xx 000 0 und d a9780061241895 a153.852 CIA;1 aCialdini, Robert B. 0aInfluence : the psychology of persuasion bCollins BusinessaNew York axiv, 320 aNULL aInfluence,psychology,persuasion